000 00328nam a2200145Ia 4500
008 230718s9999 xx 000 0 und d
041 _aEng.
082 _a343.54
_bMAG-L
100 _aMaghiana,Zeb Ali
245 0 _alaw of becil
260 _aPakistan
_bkashif law book
_c2013
300 _a430
650 _aLaw
999 _c30360
_d30360